Má za sebou úspešnú kariéru, no medaila mu chýba

Bibliographic Details
Main Author: Klein, Michal (Author)
Format: Article
Language:Slovak
PhysicalDescription:Fotogr.
ISSN:1210-2423
Subjects:

MARC

LEADER 00000nab a2200000 ar4500
001 vtls010691388
003 SK-MaSNL
005 20260304173606.0
008 150709c2015 xo wr|p|||||||000 b|slo
038 |a PPPK 
040 |a PPPKCL  |b slo  |c PPPKCL  |e AACR2 
041 0 |a slo 
044 |a xo  |c SK 
080 |a 796.92.071.2  |x (437.6)  |2 2001 
080 |a 796.92  |2 2001 
100 1 |a Klein, Michal  |4 aut  |9 383673 
245 1 0 |a Má za sebou úspešnú kariéru, no medaila mu chýba  |c Michal KLEIN 
300 |b Fotogr. 
600 1 7 |a Bajčičák, Martin,  |d 1976-  |2 pppkcl  |9 249234 
650 0 7 |a lyžiari  |2 pppkcl  |9 55075 
650 0 7 |a lyžovanie  |2 pppkcl  |9 3256 
650 0 7 |a beh na lyžiach  |2 pppkcl  |9 3259 
650 0 7 |a rodáci  |2 snkbucl  |9 30842 
651 7 |a Dolný Kubín (Slovensko)  |2 snkbucl  |9 168992 
651 7 |a Štrbské Pleso (Štrba, Slovensko)  |2 pppkcl  |9 174790 
651 7 |a Poprad (Slovensko : okres)  |2 pppkcl  |9 28675 
655 7 |a rozhovory  |2 pppkcl  |9 31831 
700 1 |a Bajčičák, Martin,  |d 1976-  |4 ive  |9 249234 
773 0 |t Podtatranské noviny  |g Roč. LV, č. 27 (2015), s. 8  |x 1210-2423 
852 |a PPPK  |b KIS3GCP 
999 |c 3004591  |d 3006521